| 000 | 03977cam a22003258i 4500 | ||
|---|---|---|---|
| 001 | 20707443 | ||
| 005 | 20230715140528.0 | ||
| 008 | 181015s2019 nyu 001 0 eng c | ||
| 010 | _a 2018049132 | ||
| 020 | _a9781138713864 (hardback) | ||
| 020 | _a9781315229546 (ebook) | ||
| 040 |
_aIEN/DLC _beng _erda _cIEN _dDLC |
||
| 042 | _apcc | ||
| 043 | _af------ | ||
| 050 | 0 | 0 | _aPR 9340.R68 2019 |
| 082 | 0 | 4 |
_a820.996 _223 |
| 245 | 0 | 0 |
_aRoutledge handbook of African literature / _cedited by Moradewun Adejunmobi and Carli Coetzee. |
| 263 | _a1903 | ||
| 300 | _apages cm | ||
| 500 | _aIncludes index. | ||
| 505 | 0 | 0 |
_tIntroduction / _rMoradewun Adejunmobi and Carli Coetzee -- _gMapping political agencies -- _tChildren of the Cold War: rethinking African literary generations through the global conflict / _rMonica Popescu -- _tEthics and the politics of the ordinary in African literature / _rChielozona Eze -- _tGlobalisation, mobility and labour in diasporic African fiction / _rAnna-Leena Toivanen -- _tTowards an ethics of the humanitarian imagination / _rAllison Mackey -- _gJourneys, geographies, identities -- _tDecolonising the Afropolitan: intra-African migrations in post-2000 literature / _rRebecca Fasselt -- _tHistory, imperial eyes and the "mutual gaze": narratives of African-Chinese encounters in recent literary works / _rYing Cheng -- _tEthnicity in post-2000 African writing / _rAgogho Akpome -- _tMythopoesis of the self: nation, textuality and writer as political hero / _rRotimi Fasan -- _gWorking through genre -- _tHow to be a writer in your 30s in Lagos: self-help literature and the creation of authority in Africa / _rRebecca Jones -- _tGothic supernaturalism in the "African imagination": locating an emerging form / _rRebecca Duncan -- _tContested filial voice in African female-authored autobiographies / _rMarciana Were -- _t"I can't go forward, I must go back:" Ben Okri's (p)anachronistic utopias / _rIan MacDonald -- _gThe world of and beyond humans -- _tAfrican literature, audience, and the search for the (non)human / _rCajetan Iheka -- _tDirty ecology: African women and the ethics of cultivation / _rSarah Lincoln -- _tAfrican fictions, animal figures, and anthropocentric frameworks / _rJesse Arsenault -- _tDepictions of Kenyan lands and landscapes by four women writers / _rNg'ang'a Muchiri -- _gEveryday sociality -- _tGeopolitical and global topologies in fiction: Islam at the fault lines and the world / _rShirin Edwin -- _tAppetite and everyday life in African literature / _rDelores B Phillips -- _tFoundational fictions: variations of the marriage plot in Flora Nwapa's early anglophone-Igbo novels / _rFiona Moolla -- _tDrinking scenes: alcohol in the francophone African novel / _rPim Higginson -- _gBodies, subjectivities, affect -- _tDesire and freedom in Yvonne Vera's fiction / _rGrace Musila -- _tThe forms of shame and African literature / _rNaminata Diabate -- _tScattered testimony: locating the Rwandan genocide in transnational witnessing / _rMartina Kopf -- _tContestations through same-sex desire in Jennifer Nansubuga Makumbi's Kintu / _rEdgar Nabutanyi -- _gLiterary networks -- _tThe story club: literary networks offline / _rStephanie Bosch Santana -- _tLanguages and prizes: expanding literary boundaries / _rDoseline Kiguru -- _tPublishers' networks and the making of 21st century African literature in English / _rKate Wallis -- _tLiterary networks in the Horn of Africa: Oromo and Amharic intellectual histories / _rSara Marzagora and Ayele Kebede. |
| 650 | 0 |
_aAfrican literature _y21st century _xHistory and criticism. |
|
| 650 | 0 |
_aAfrican literature _y20th century _xHistory and criticism. |
|
| 700 | 1 |
_aAdejunmobi, Moradewun, _d1959- _eeditor. |
|
| 700 | 1 |
_aCoetzee, Carli, _eeditor. |
|
| 776 | 0 | 8 |
_iOnline version: _tRoutledge handbook of African literature _dNew York : Routledge, 2019 _z9781315229546 _w(DLC) 2018050654 |
| 906 |
_a7 _bcbc _corignew _d1 _eecip _f20 _gy-gencatlg |
||
| 942 |
_2lcc _cBOOKS _hPR 9340.R68 2019 |
||
| 999 |
_c31672 _d31672 |
||